[Event "Chigorin Memorial 29th"]
[Site "St Petersburg"]
[Date "2022.10.29"]
[Round "8"]
[White "Nasyrova, Ekaterina"]
[Black "Tambovskii, Kirill"]
[Result "1/2-1/2"]
[WhiteElo "2056"]
[BlackElo "1707"]
[PlyCount "181"]
[EventDate "2022.10.22"]
[EventType "swiss"]
[EventRounds "9"]
[EventCountry "RUS"]
[SourceTitle "EXT 2024"]
[Source "ChessBase"]
[SourceDate "2023.10.10"]
[SourceVersion "1"]
[SourceVersionDate "2023.10.10"]
[SourceQuality "1"]

1. d4 d5 2. c4 e6 3. Nf3 c6 4. g3 Bd6 5. Bg2 f5 6. 0-0 Nf6 7. b3 Nbd7 8. Ba3 Qe7 9. Bxd6 Qxd6 10. e3 Ne4 11. Qc1 a5 12. Nc3 0-0 13. Ne2 b5 14. c5 Qe7 15. b4 axb4 16. Qb2 Ra4 17. Nf4 g5 18. Nd3 g4 19. Nfe1 b3 20. a3 Qg7 21. Rb1 Bb7 22. Nf4 Re8 23. Ned3 e5 24. Ne2 Ng5 25. dxe5 Nxe5 26. Nxe5 Qxe5 27. Qxe5 Rxe5 28. Rxb3 Ne6 29. Rc3 Rc4 30. Rxc4 dxc4 31. Rd1 Nxc5 32. Rd8+ Kf7 33. Nd4 c3 34. Rd6 Ke7 35. Rh6 Ne6 36. Nc2 Kd6 37. Kf1 Ba6 38. Ke1 Kc7 39. Rxh7+ Kb6 40. Kd1 Ng5 41. Rh6 Ne4 42. Bxe4 fxe4 43. Nd4 Rc5 44. Re6 Rh5 45. Kc2 Bb7 46. Rxe4 Rxh2 47. Rf4 Bc8 48. Kxc3 Bd7 49. Rf7 Kc7 50. e4 Rh5 51. Nf5 c5 52. Ne3 Kd6 53. Nd5 Be6 54. Rf6 Re5 55. Kd3 Kd7 56. Nf4 Ba2 57. Rg6 Bb1+ 58. Kc3 Rxe4 59. Rxg4 Ra4 60. Kb2 Be4 61. Nh5 Ke6 62. Rf4 Ke5 63. Nf6 Bc6 64. Ng4+ Kd5 65. Rxa4 bxa4 66. Kc3 Bb5 67. f3 Be2 68. Ne3+ Ke5 69. Nc4+ Kd5 70. Nd2 Ke5 71. Ne4 Kd5 72. Nd2 Ke5 73. Ne4 Bxf3 74. Nxc5 Kf5 75. Nxa4 Kg4 76. Nc5 Bc6 77. Ne6 Kxg3 78. Nd4 Bd7 79. Kb4 Kf4 80. Nb5 Ke5 81. Kc5 Bh3 82. a4 Ke6 83. Kc6 Bg2+ 84. Kc7 Kd5 85. a5 Kc5 86. Nd6 Bf1 87. Kd7 Bd3 88. Kc7 Bf1 89. Nb7+ Kb5 90. Kb8 Bg2 91. Ka7 1/2-1/2

[Event "Chigorin Memorial 29th"]
[Site "St Petersburg"]
[Date "2022.10.28"]
[Round "7"]
[White "Tambovskii, Kirill"]
[Black "Zeliantsova, Kseniya"]
[Result "1/2-1/2"]
[WhiteElo "1707"]
[BlackElo "2046"]
[PlyCount "106"]
[EventDate "2022.10.22"]
[EventType "swiss"]
[EventRounds "9"]
[EventCountry "RUS"]
[SourceTitle "EXT 2024"]
[Source "ChessBase"]
[SourceDate "2023.10.10"]
[SourceVersion "1"]
[SourceVersionDate "2023.10.10"]
[SourceQuality "1"]

1. d4 Nf6 2. Bf4 g6 3. e3 Bg7 4. Nf3 d6 5. h3 0-0 6. Be2 Nbd7 7. 0-0 Qe8 8. c4 e5 9. Bh2 Qe7 10. Nc3 c6 11. Re1 e4 12. Nd2 Re8 13. b4 Nf8 14. c5 d5 15. b5 h5 16. Nb3 N6h7 17. Na5 Qg5 18. Bf4 Qf6 19. Qa4 Re6 20. bxc6 bxc6 21. Nxc6 Bd7 22. Nxd5 Qh4 23. g3 Qxh3 24. Nce7+ Kh8 25. Qd1 Rxe7 26. Nxe7 Qe6 27. c6 Be8 28. Qb3 Qxe7 29. Qb7 Qe6 30. Qxa8 Bxc6 31. Qd8 Bd7 32. Rac1 Bf6 33. Be5 Kg8 34. Bxf6 Nxf6 35. Rc5 Kg7 36. Bb5 Bxb5 37. Rxb5 h4 38. Rb8 N6d7 39. Ra8 hxg3 40. fxg3 Qxa2 41. Qh4 Qd5 42. Rxa7 Ne6 43. Rxd7 Qxd7 44. Qxe4 Ng5 45. Qg2 Qg4 46. Rf1 Nh3+ 47. Kh2 Ng5 48. Kg1 Nh3+ 49. Kh2 Ng5 50. Qf2 Qh3+ 51. Kg1 Qe6 52. Kh2 Qh3+ 53. Kg1 Qe6 1/2-1/2

[Event "Chigorin Memorial 29th"]
[Site "St Petersburg"]
[Date "2022.10.22"]
[Round "1"]
[White "Tambovskii, Kirill"]
[Black "Bulavin, Alexander"]
[Result "0-1"]
[WhiteElo "1707"]
[BlackElo "2284"]
[PlyCount "102"]
[EventDate "2022.10.22"]
[EventType "swiss"]
[EventRounds "9"]
[EventCountry "RUS"]
[SourceTitle "EXT 2024"]
[Source "ChessBase"]
[SourceDate "2023.10.10"]
[SourceVersion "1"]
[SourceVersionDate "2023.10.10"]
[SourceQuality "1"]

1. d4 Nf6 2. Bf4 b5 3. e3 Bb7 4. Nf3 a6 5. h3 e6 6. a4 b4 7. Nbd2 a5 8. Bd3 Be7 9. 0-0 0-0 10. e4 c5 11. dxc5 Na6 12. Bd6 Nxc5 13. Bxc5 Bxc5 14. e5 Nd5 15. Ne4 Be7 16. Qd2 f5 17. exf6 Bxf6 18. Nxf6+ Qxf6 19. Be4 Qxb2 20. Nd4 Rab8 21. Bxd5 Bxd5 22. Rfb1 Qc3 23. Qxc3 bxc3 24. Nb5 Be4 25. Rc1 Bg6 26. Ra3 Rfc8 27. Rxc3 Rxc3 28. Nxc3 Rc8 29. Nb5 Rc4 30. Kf1 Bxc2 31. Ke1 Bd3 32. Rxc4 Bxc4 33. Nd6 Bd5 34. g3 Kf8 35. h4 Ke7 36. Nc8+ Kd8 37. Nd6 Bb3 38. Kd2 Bxa4 39. Kc3 Bc6 40. Nc4 a4 41. Kb4 Ke7 42. Kc5 Bd5 43. Na3 d6+ 44. Kd4 Bb3 45. f4 h5 46. Nb5 g6 47. Kc3 e5 48. fxe5 dxe5 49. Kb4 Ke6 50. Nc3 Kf5 51. Nb5 Kg4 0-1

[Event "Chigorin Memorial 28th"]
[Site "St Petersburg"]
[Date "2021.10.26"]
[Round "4"]
[White "Tambovskii, Kirill"]
[Black "Rzali, Sabina"]
[Result "1/2-1/2"]
[WhiteElo "1545"]
[BlackElo "1926"]
[PlyCount "135"]
[EventDate "2021.10.23"]
[EventType "swiss"]
[EventRounds "9"]
[EventCountry "RUS"]
[SourceTitle "EXT 2023"]
[Source "ChessBase"]
[SourceDate "2022.10.05"]
[SourceVersion "1"]
[SourceVersionDate "2022.10.05"]
[SourceQuality "1"]

1. d4 d5 2. Bf4 Nf6 3. e3 e6 4. Nd2 c5 5. c3 Be7 6. Bd3 Nbd7 7. Ngf3 0-0 8. Ne5 Ne8 9. h4 f5 10. h5 Nef6 11. Qf3 Ne4 12. Bxe4 dxe4 13. Qg3 Nxe5 14. Bxe5 Rf7 15. Rd1 cxd4 16. exd4 Qa5 17. a3 Qb5 18. Rb1 Bd7 19. c4 Qa4 20. 0-0 Raf8 21. Qc3 Bc6 22. b4 b5 23. Rfe1 Qa6 24. c5 Bd5 25. f4 exf3 26. Nxf3 Be4 27. Rbc1 Qc6 28. Qb3 Bf6 29. Rc3 Rd8 30. Rce3 Bd5 31. Qb2 Rfd7 32. Kh1 Bxf3 33. Rxf3 Bxe5 34. dxe5 Rd2 35. Qc3 R8d4 36. Kg1 Qd5 37. Rf2 R2d3 38. Qc2 Rc4 39. Qb2 Rcc3 40. Rfe2 Rxa3 41. Rc2 Rdb3 42. Qc1 Qd4+ 43. Kh2 Rc3 44. Rxc3 Rxc3 45. Qd1 Rd3 46. Qe2 Rd2 47. Qe3 Qd5 48. Qg5 Kf7 49. h6 gxh6 50. Qf6+ Kg8 51. Rg1 Rd4 52. Rc1 Rg4 53. Rc2 Rg6 54. Qh4 Qxe5+ 55. Kg1 Qc7 56. Qd4 Rg7 57. c6 a6 58. Qe3 Rg6 59. Qd4 Rg7 60. Qe3 e5 61. Qb3+ Kf8 62. Qe6 Rf7 63. Qxh6+ Ke7 64. Rd2 Ke8 65. Qe6+ Kf8 66. Qh6+ Ke8 67. Qe6+ Kf8 68. Qh6+ 1/2-1/2

[Event "Chigorin Memorial 28th"]
[Site "St Petersburg"]
[Date "2021.10.25"]
[Round "3"]
[White "Tambovskii, Kirill"]
[Black "Koroleva, Valeriya"]
[Result "1-0"]
[WhiteElo "1545"]
[BlackElo "1128"]
[PlyCount "41"]
[EventDate "2021.10.23"]
[EventType "swiss"]
[EventRounds "9"]
[EventCountry "RUS"]
[SourceTitle "EXT 2023"]
[Source "ChessBase"]
[SourceDate "2022.10.05"]
[SourceVersion "1"]
[SourceVersionDate "2022.10.05"]
[SourceQuality "1"]

1. d4 d5 2. Bf4 Nf6 3. e3 e6 4. Nd2 c5 5. c3 Nc6 6. Bg3 Be7 7. Bd3 0-0 8. f4 cxd4 9. exd4 Nd7 10. Qe2 Bd6 11. Ngf3 Qc7 12. Ne5 a6 13. 0-0 b5 14. a3 Bb7 15. Bh4 Nb6 16. Rf3 h6 17. Rg3 Rfe8 18. Bf6 Nxe5 19. Rxg7+ Kf8 20. fxe5 Be7 21. Rg8+ 1-0